000 01043nam a22003497a 4500
003 CHAP
005 20220817040920.0
008 971013s1989 r 00010 d
010 _a2637
011 _a3609
035 _a2810
040 _cCHAP
090 _aFolleto 12997
110 _aCentro Internacional de la Papa
245 _aManejo integrado de plagas de papa
260 _aLima :
_bCIP,
_c1989
300 _a31 p
490 _aBibliografía CIP
_v; 25
500 _aEd. Trilinque
590 _aBATCH-UPD
_b10
_c20130110
_lUCH01
_h0137
590 _aBATCH-UPD
_b10
_c20130110
_lUCH01
_h2057
590 _aBATCH-UPD
_b10
_c20130409
_lUCH01
_h2134
590 _aBATCH-UPD
_b10
_c20130410
_lUCH01
_h1410
590 _aBATCH-UPD
_b10
_c20130914
_lUCH01
_h0615
590 _aCONVERSION
_b10
_c20130109
_lUCH01
_h1303
650 1 4 _aPapa
_xBibliografía.
_985192
650 1 4 _aPapa
_xPlagas.
_985270
830 0 _aBibliografía CIP
_v; 25
_912200
901 _aBK
942 _cFOLL
949 _aFolleto 12997
_bBC
_cFOLL
_d-12317
_eTS1
_i2810
_mD
_si
999 _c2637
_d2637